[Event "Udine Oro Caffe op 3rd"]
[Site "Udine"]
[Date "2010.07.07"]
[Round "3"]
[White "Del Forno Sinicco, Michele"]
[Black "De Poi, Paolo"]
[Result "0-1"]
[WhiteElo "1802"]
[BlackElo "2198"]
[PlyCount "100"]
[EventDate "2010.07.05"]
[EventType "swiss"]
[EventRounds "7"]
[EventCountry "ITA"]
[SourceTitle "EXT 2024"]
[Source "ChessBase"]
[SourceDate "2023.10.10"]
[SourceVersion "1"]
[SourceVersionDate "2023.10.10"]
[SourceQuality "1"]

1. e4 c5 2. Nf3 d6 3. Bb5+ Bd7 4. Bxd7+ Qxd7 5. b3 Nc6 6. Qe2 Nf6 7. Bb2 e5 8. 0-0 Be7 9. c3 0-0 10. d4 exd4 11. cxd4 cxd4 12. Nxd4 Rac8 13. Nf5 Rfe8 14. Nd2 d5 15. Bxf6 Bxf6 16. Qg4 Kh8 17. Rad1 Nd4 18. Ne3 Qxg4 19. Nxg4 Ne2+ 20. Kh1 Nc3 21. Nxf6 gxf6 22. Rde1 Nxe4 23. Nf3 Rc2 24. Kg1 Rxa2 25. Nd4 Rc8 26. f3 Ng5 27. Rf2 Ra6 28. Rd2 Ne6 29. Nf5 d4 30. Nxd4 Rd6 31. Rc2 Rxc2 32. Nxc2 Rd2 33. Ne3 Rb2 34. Nc4 Rxb3 35. Nd6 Kg7 36. Ra1 a6 37. Nxb7 Rxb7 38. Rxa6 Rb2 39. Ra4 f5 40. h3 f4 41. Rc4 Kf6 42. Ra4 h6 43. Ra5 Rc2 44. Ra6 Kg5 45. Ra8 Nd4 46. Ra5+ f5 47. Ra8 Ne2+ 48. Kh2 Ng3 49. Ra1 Ne2 50. Ra8 Rc1 0-1